000 00275pam a2200133 a 4500
020 _c
041 _h
100 _aS. H. Howard,
_eAuthor.
245 _aForest Pocket Book
_hTextual Documents
250 _a1st.
260 _a[s.l]:
_bNat
300 _a555.
930 _a2341
999 _c248192
_d248192